000 00330nam a2200145Ia 4500
008 150301s2015 xx 000 0 und d
082 _a612.015
_bT10D
100 _aT, DEVRSENA
245 _aTEEHNIQWS IN BIOCHEMISTRY
250 _aIST
260 _bAHYA BOOK COMP
300 _a192
650 _aBIOCHEMISTRY
942 _2ddc
_cBK
999 _c7066
_d7066